000 00333nam a2200133Ia 4500
008 240624s9999 xx 000 0 und d
041 _aeng
082 _a658.8 SAN
100 _aSANDERS TIM
245 _aDEALSTORMING THE SECRET WEAPON THAT CAN
260 _c2016
_aNew York
_bPortfolio
300 _a241 p.; 23 cm.
365 _c
_b38
999 _c29028
_d29028